|
|
|
|
| LEADER |
00000nam0a2200000 4500 |
| 001 |
260152 |
| 005 |
20231101233443.0 |
| 035 |
|
|
|a (RuTPU)RU\TPU\book\283098
|
| 090 |
|
|
|a 260152
|
| 100 |
|
|
|a 20140514d1988 m y0rusy50 ca
|
| 101 |
0 |
|
|a rus
|
| 102 |
|
|
|a RU
|
| 105 |
|
|
|a c z 001zb
|
| 200 |
1 |
|
|a Вениамин Борисович Пинчук
|f сост. Ю. П. Андреева
|
| 210 |
|
|
|a Москва
|c Изобразительное искусство
|d 1988
|
| 215 |
|
|
|a 144 с.
|c портр.
|
| 320 |
|
|
|a Список репродукций: с. 141-143.
|
| 600 |
|
1 |
|a Пинчук
|b В. Б.
|c художник
|f 1908-1987
|g Вениамин Борисович
|2 stltpush
|3 (RuTPU)RU\TPU\pers\33411
|
| 606 |
1 |
|
|a Скульптура
|2 stltpush
|3 (RuTPU)RU\TPU\subj\55079
|9 73151
|
| 610 |
1 |
|
|a биографии
|
| 610 |
1 |
|
|a персоналии
|
| 610 |
1 |
|
|a творчество
|
| 610 |
1 |
|
|a деятельность
|
| 610 |
1 |
|
|a искусство
|
| 610 |
1 |
|
|a скульпторы
|
| 675 |
|
|
|a 73.07(092)
|v 3
|
| 702 |
|
1 |
|a Андреева
|b Ю. П.
|g Юлия Петровна
|4 220
|
| 801 |
|
1 |
|a RU
|b 63413507
|c 20140514
|
| 801 |
|
2 |
|a RU
|b 63413507
|c 20160419
|g RCR
|
| 942 |
|
|
|c BK
|